| 000 -LEADER |
| fixed length control field |
00927nam a2200241Ia 4500 |
| 001 - CONTROL NUMBER |
| control field |
7470 |
| 003 - CONTROL NUMBER IDENTIFIER |
| control field |
GE_BSU |
| 005 - DATE AND TIME OF LATEST TRANSACTION |
| control field |
20191227113338.0 |
| 008 - FIXED-LENGTH DATA ELEMENTS--GENERAL INFORMATION |
| fixed length control field |
181216s2013||||ge |||||||||||||| ||fre|| |
| 020 ## - INTERNATIONAL STANDARD BOOK NUMBER |
| International Standard Book Number |
9789941434228 |
| 040 ## - CATALOGING SOURCE |
| Transcribing agency |
GE_BSU |
| 041 ## - LANGUAGE CODE |
| Language code of text/sound track or separate title |
fre |
| 080 ## - UNIVERSAL DECIMAL CLASSIFICATION NUMBER |
| Universal Decimal Classification number |
821.133.1.09 D-53 |
| 100 ## - MAIN ENTRY--PERSONAL NAME |
| Personal name |
Diasamidze, Victoria |
| 9 (RLIN) |
5476 |
| 245 ## - TITLE STATEMENT |
| Title |
Histoire de la litterature francaise : |
| Remainder of title |
(IXe-XVIIe-XVIIIe-XIXe siecles) / |
| Statement of responsibility, etc. |
Victoria Diasamidze ; red. David Gotsiridze. |
| 264 ## - PRODUCTION, PUBLICATION, DISTRIBUTION, MANUFACTURE, AND COPYRIGHT NOTICE |
| Place of production, publication, distribution, manufacture |
Batumi : |
| Name of producer, publisher, distributor, manufacturer |
Univ. d'Etat Chota Roustaveli, |
| Date of production, publication, distribution, manufacture, or copyright notice |
2013. |
| 300 ## - PHYSICAL DESCRIPTION |
| Extent |
316 p. |
| Other physical details |
21 cm. |
| 500 ## - GENERAL NOTE |
| General note |
ბიბლიოგრ.: გვ. 266-267. |
| 653 ## - INDEX TERM--UNCONTROLLED |
| keyword |
ფრანგული ლიტერატურა, IX-IXI ს.ს. |
| 653 ## - INDEX TERM--UNCONTROLLED |
| keyword |
ფრანგული ლიტერატურის სახელმძღვანელოები |
| 700 ## - ADDED ENTRY--PERSONAL NAME |
| Personal name |
Gotsiridze, David |
| Relator term |
რედაქტორი |
| 9 (RLIN) |
5982 |
| 942 ## - ADDED ENTRY ELEMENTS (KOHA) |
| Koha item type |
წიგნი |
| Source of classification or shelving scheme |
|